Ochrana hodnôt Európskej únie na príklade Maďarska diplomová práca

Enregistré dans:
Détails bibliographiques
Auteur principal: Miškechová, Diana
Collectivité auteur: Fakulta medzinárodných vzťahov EU. Katedra medzinárodného práva
Autres auteurs: Bocková, Lucia, 1978-
Format: Livre
Langue:slovaque
Publié: Bratislava 2022
Tags: Ajouter un tag
Pas de tags, Soyez le premier à ajouter un tag!

MARC

LEADER 00000nbm a2200000 4500
001 0285169
005 20230426104106.8
041 0 |a slo 
044 |a SK 
245 1 0 |a Ochrana hodnôt Európskej únie na príklade Maďarska  |b diplomová práca  |c Diana Miškechová ; školiteľ: Lucia Bocková 
264 1 |a Bratislava  |c 2022 
300 |a 73 s. 
100 1 |a Miškechová, Diana 
700 1 |a Bocková, Lucia, 1978- 
710 2 |a Fakulta medzinárodných vzťahov EU. Katedra medzinárodného práva